| 000 | 00442nam a2200157Ia 4500 | ||
|---|---|---|---|
| 008 | 140626s9999 xx 000 0 und d | ||
| 100 | _aDescargar, James. | ||
| 245 |
_aAng homeroom Parent-Teacher Classroom Association / _cJames Descargar. |
||
| 260 | _cc2012. | ||
| 300 | _a61 : 7, page 270 | ||
| 440 | _aThe Modern Teacher | ||
| 521 | _aSPED | ||
| 650 | _aHomeroom. | ||
| 650 | _aParent-teacher classroom associations. | ||
| 942 | _cSE | ||
| 999 |
_c120999 _d120999 |
||